000 00253nam a22001217a 4500
003 SGT
082 _a954.042
_bKAS
100 _aKASHYAP SUBHASH .C
245 _aOUR CONSTITUTION
260 _aINDIA
_bNBT PUB
_c2010
300 _a416
942 _2ddc
_cBK
999 _c33499
_d33499